00524 2200205 4500001002100000008004100021035002000062245007300082100001900155250000600174260004200180300001200222084001400234082000800248650001400256990001200270990001200282990001200294990001200306INLIS000000000000427 ind  a0010-0424000403 aEnsiklopedia Kewirausahaan 3; Menjalankan Usaha KecilcPurwo Sutanto aSutanto, Purwo a1 aKlaten :bSaka Mitra Kompetensic2014 a140 hlm a330 PUR e a330 aNon Fiksi a0722512 a0722513 a0722514 a0722515